[Event "2. Bundesliga West 2012/13"]
[Site "Salzburg"]
[Date "2013.03.10"]
[Round "11"]
[Board "1"]
[White "Prusikin, Michael"]
[Black "Krassowizkij, Jaroslaw"]
[Result "1/2-1/2"]
[WhiteElo "2543"]
[BlackElo "2404"]
[PlyCount "71"]
[EventDate "2012.10.05"]
[EventType "team"]
[EventRounds "11"]
[EventCountry "AUT"]
[WhiteTeam "SIR Bernhard"]
[BlackTeam "Goetzis"]

1. d4 Nf6 2. Nf3 g6 3. Bf4 Bg7 4. e3 O-O 5. h3 c5 6. c3 d6 
7. Be2 b6 8. O-O Bb7 9. Nbd2 Nbd7 10. Bh2 Ne4 11. Nxe4 Bxe4 12. Ba6 Qc7 
13. Qe2 Nb8 14. Bd3 Qb7 15. Rfd1 Bxd3 16. Qxd3 Nd7 17. e4 cxd4 18. cxd4 Rfc8 
19. Bf4 e5 20. dxe5 Nxe5 21. Bxe5 Bxe5 22. Rd2 Rc5 23. Rad1 Rac8 24. g3 Rc4 
25. Re2 Qc6 26. Kg2 Rc2 27. Rdd2 Rc4 28. Qe3 Re8 29. b3 Rc3 30. Rd3 Rc2 
31. Rxc2 Qxc2 32. Rd2 Qb1 33. Qd3 Qxd3 34. Rxd3 Rc8 35. a4 Rc2 36. Nxe5 1/2-1/2

[Event "2. Bundesliga West 2012/13"]
[Site "Salzburg"]
[Date "2013.03.10"]
[Round "11"]
[Board "2"]
[White "Eisenbeiser, Amadeus"]
[Black "Bromberger, Stefan"]
[Result "0-1"]
[WhiteElo "2384"]
[BlackElo "2492"]
[PlyCount "64"]
[EventDate "2012.10.05"]
[EventType "team"]
[EventRounds "11"]
[EventCountry "AUT"]
[WhiteTeam "Goetzis"]
[BlackTeam "SIR Bernhard"]

1. c4 Nf6 2. Nc3 g6 3. e4 d6 4. d4 Bg7 5. h3 O-O 6. Nf3 e5 
7. d5 a5 8. Bg5 Na6 9. Bd3 Qe8 10. g4 Nd7 11. Bc2 Ndc5 12. Nh4 Nb4 
13. Nb5 f6 14. Be3 Qe7 15. Ng2 f5 16. f3 fxg4 17. fxg4 Qf7 18. Qe2 Nxc2+ 
19. Qxc2 Qf3 20. Nxc7 Nxe4 21. Nxa8 Qg3+ 22. Kd1 Nf2+ 23. Bxf2 Rxf2 24. Ne1 Rxc2 
25. Kxc2 e4 26. Rd1 Qe5 27. Rd2 e3 28. Nd3 Qe4 29. Rdd1 e2 30. Rde1 Qxc4+ 
31. Kd2 Bh6+ 32. Kxe2 Qc2+ 0-1

[Event "2. Bundesliga West 2012/13"]
[Site "Salzburg"]
[Date "2013.03.10"]
[Round "11"]
[Board "3"]
[White "Geske, Julian"]
[Black "Gauss, Gustav"]
[Result "1-0"]
[WhiteElo "2391"]
[BlackElo "2145"]
[PlyCount "143"]
[EventDate "2012.10.05"]
[EventType "team"]
[EventRounds "11"]
[EventCountry "AUT"]
[WhiteTeam "SIR Bernhard"]
[BlackTeam "Goetzis"]

1. e4 e6 2. d4 d5 3. Nd2 Nf6 4. e5 Nfd7 5. c3 c5 6. Bd3 Nc6 
7. Ne2 cxd4 8. cxd4 f6 9. exf6 Qxf6 10. Nf3 Bb4+ 11. Bd2 O-O 12. O-O e5 
13. Qb3 Bxd2 14. Qxd5+ Kh8 15. Nxd2 exd4 16. Nf3 Nde5 17. Nxe5 Nxe5 18. Rad1 Rd8 
19. Qb5 Bd7 20. Qb4 a5 21. Qa3 Bc6 22. f3 Qh6 23. Ng3 Qe3+ 24. Kh1 Nxf3 
25. Nf5 Qf4 26. Rxf3 Bxf3 27. Rf1 Re8 28. gxf3 Qd2 29. Be4 Rac8 30. Qd6 Rc1 
31. Rxc1 Qxc1+ 32. Kg2 Qxb2+ 33. Kh3 d3 34. Qxd3 Qxa2 35. Qd7 Qg8 36. Qxb7 a4 
37. Qa7 a3 38. Qxa3 Qe6 39. Qa7 Qf6 40. Qc7 g6 41. Nd6 Qe6+ 42. Kg2 Re7 
43. Qc3+ Kg8 44. Qd3 Qe5 45. Nc4 Qg5+ 46. Kf2 Qh4+ 47. Kg1 Qg5+ 48. Kf1 Qf6 
49. Ne3 Ra7 50. Ng4 Qb2 51. Nf2 Kg7 52. h4 Ra1+ 53. Kg2 Ra2 54. Qe3 Qd2 
55. Qc5 Qf4 56. h5 Kh6 57. Kh3 Rxf2 58. Qxf2 Kxh5 59. Qg3 Qf6 60. Qg4+ Kh6 
61. Qh4+ Kg7 62. Qxf6+ Kxf6 63. Kg4 h6 64. Bc2 Kf7 65. f4 g5 66. f5 Kg7 
67. Kf3 h5 68. Ke4 Kf6 69. Bd1 g4 70. Kf4 g3 71. Bf3 h4 72. Bg2 1-0

[Event "2. Bundesliga West 2012/13"]
[Site "Salzburg"]
[Date "2013.03.10"]
[Round "11"]
[Board "4"]
[White "Engelhart, Achim"]
[Black "Mons, Leon"]
[Result "0-1"]
[WhiteElo "2130"]
[BlackElo "2338"]
[PlyCount "60"]
[EventDate "2012.10.05"]
[EventType "team"]
[EventRounds "11"]
[EventCountry "AUT"]
[WhiteTeam "Goetzis"]
[BlackTeam "SIR Bernhard"]

1. e4 g6 2. d4 Bg7 3. Nc3 d6 4. f4 a6 5. Nf3 b5 6. Bd3 Nd7 
7. a4 b4 8. Ne2 Bb7 9. O-O c5 10. c3 Ngf6 11. e5 Ng4 12. Ng5 e6 
13. h3 Nh6 14. g4 O-O 15. Kh2 bxc3 16. bxc3 cxd4 17. Rb1 Bd5 18. cxd4 f6 
19. Ne4 fxe5 20. dxe5 dxe5 21. Ba3 Qh4 22. Rg1 exf4 23. Bxf8 Rxf8 24. g5 f3 
25. gxh6 fxe2 26. Qxe2 Be5+ 27. Ng3 Rf3 28. Qe1 Rxd3 29. Rb4 Rxg3 30. Rxh4 Rg2+ 
0-1

[Event "2. Bundesliga West 2012/13"]
[Site "Salzburg"]
[Date "2013.03.10"]
[Round "11"]
[Board "5"]
[White "Pitl, Gregory"]
[Black "Kranz, Armin"]
[Result "1-0"]
[WhiteElo "2401"]
[BlackElo "2142"]
[PlyCount "107"]
[EventDate "2012.10.05"]
[EventType "team"]
[EventRounds "11"]
[EventCountry "AUT"]
[WhiteTeam "SIR Bernhard"]
[BlackTeam "Goetzis"]

1. e4 e5 2. d4 exd4 3. Nf3 Nc6 4. Bc4 Nf6 5. e5 d5 6. Bb5 Ne4 
7. Nxd4 Bd7 8. Bxc6 bxc6 9. O-O Bc5 10. f3 Ng5 11. Be3 O-O 12. f4 Bxd4 
13. Qxd4 Ne6 14. Qd3 f5 15. Nd2 a5 16. Qc3 Qe7 17. Nb3 Qb4 18. a4 Rfb8 
19. Qd3 g6 20. Bd2 Qb6+ 21. Be3 Qb4 22. Bd2 Qb6+ 23. Rf2 Bc8 24. Qh3 c5 
25. Ra2 c4 26. Nc1 d4 27. Qh4 Bb7 28. Ra3 c5 29. Rh3 Qc7 30. Ne2 Bd5 
31. Bc1 Ra7 32. g4 Qe7 33. Qh6 fxg4 34. Rg3 Bf3 35. h3 d3 36. Nc3 Nd4 
37. hxg4 Ne2+ 38. Kh2 Nxc3 39. Rgxf3 Ne4 40. Rg2 Rd7 41. f5 g5 42. e6 Qd6+ 
43. Kh3 d2 44. Bxd2 Nxd2 45. f6 Qxe6 46. f7+ Rxf7 47. Qxe6 Nxf3 48. Rf2 Kg7 
49. Kg3 Rbf8 50. Qxc4 Ne5 51. Rxf7+ Rxf7 52. Qxc5 Nf3 53. Qxa5 h6 54. Qc3+ 1-0

[Event "2. Bundesliga West 2012/13"]
[Site "Salzburg"]
[Date "2013.03.10"]
[Round "11"]
[Board "6"]
[White "Langwieser, Alexander"]
[Black "Durakovic, Alman"]
[Result "0-1"]
[WhiteElo "2081"]
[BlackElo "2205"]
[PlyCount "58"]
[EventDate "2012.10.05"]
[EventType "team"]
[EventRounds "11"]
[EventCountry "AUT"]
[WhiteTeam "Goetzis"]
[BlackTeam "SIR Bernhard"]

1. e4 c5 2. c3 g6 3. d4 cxd4 4. cxd4 d5 5. e5 Nc6 6. Nc3 Bg7 
7. Nf3 f6 8. Bb5 Bg4 9. h3 Bxf3 10. Qxf3 fxe5 11. Nxd5 exd4 12. O-O Nf6 
13. Nxf6+ Bxf6 14. Bxc6+ bxc6 15. Qxc6+ Kf7 16. Re1 Qb6 17. Qd5+ Kg7 18. Re6 Rad8 
19. Qe4 Qc5 20. b4 Qxb4 21. Rb1 Qc5 22. Bd2 Rhe8 23. Qf4 Qf5 24. Qh6+ Kg8 
25. Rbe1 Qd5 26. Bb4 d3 27. Bxe7 d2 28. Bxf6 dxe1=Q+ 29. Kh2 Rd7 0-1